1306 1792 1362 1400 1486 1520 1784 1349 1003 1531 1560 1560 1007 1161 1001 1911 1278 1610 1779 1472 1993 1897 1401 1192 1922 1478 1123 1311 1894 1199 1021 1203 1813 1941 1822 1856 1405 1590 1999 1209 1506 1400 1726 1761 1185 1514 1070 1507 1530 1475 1861 1166 1083 1071 1539 1001 1970 1676 1113 1314 1397 1506 1546 1350 1460 1428 1156 1588 1350 1322 1941 1936 1725 1606 1047 1137 1749 1911 1655 1371 1086 1437 1394 1484 1684 1634 1128 1535 1180 1692 1061 1672 1471 1106 1845 1242 1277 1175 1704 BCNSPRNW ULIB Ver.6.0+V

เปลี่ยนเป็นภาษาไทย

Change to English
 แสดงรายละเอียดบรรณานุกรม
  กลับหน้าหลัก

Brief Record : Get Marc (ISO 2709) : E-mail record : QR code < ปิดหน้าต่าง
LEADER : 00000nam 2200000uu 4500
001    13399128796
003     ULIB
008    240913s2564||||th 000 0 tha d
020    ^a9786168032145
060    ^aWJ340^bส293น
100    ^aสมาคมโรคไตแห่งประเทศไทย
245    ^aแนวทางการรักษาภาวะโลหิตจาง ในผู้ป่วยโรคไตเรื้อรัง ปี พ.ศ. 2564
250    ^aพิมพ์ครั้งที่ 1
260    ^aกรุงเทพมหานคร :^bเท็กซ์ แอนด์ เจอร์นัล พับลิเคชั่น,^c2564
300    ^a85 หน้า^bภาพประกอบ, ตาราง, ภาคผนวก
650    ^aภาวะโลหิตจาง
650    ^aโรคไตเรื้อรัง^xผู้ป่วย
945    ^p100^l0^i010819
999    ^aประนอม เกษจรัล
รายการนี้ยังไม่มีแท็ก
คุณยังไม่ได้ล็อกอิน คุณสามารถมีกิจกรรมร่วมกับเว็บไซต์ได้ แต่ต้องล็อกอินก่อน ::
  ล็อกอิน

รายการสื่อสารสนเทศ

ลำดับที่ ประเภท เลขเรียก/บาร์โค้ด สถานที่ สถานะ
1. วิทยาศาสตร์การแพทย์ และสุขภาพ
หนังสือสำรอง
สถานะ=หนังสือสำรอง
WJ340 ส293น ฉ.1 
  Barcode: 010819
ห้องสมุดวิทยาเขตสวรรค์ประชารักษ์
►หนังสือทั่วไป
บนชั้น

รายการใกล้เคียง
    ผู้แต่ง [สมาคมโรคไตแห่งประเทศไทย]

BibComment


ยังไม่เคยถูกคอมเมนท์

คอมเมนท์ทรัพยากรรายการนี้
  คอมเมนท์: แนวทางการรักษาภา..


 Copyright 2026. Bcnsprnw @Library